Statistics for Top 10 Olympique Lyonnais Goalscorers

Click here to take the quiz!

General Stats

  • This quiz has been taken 138 times
  • The average score is 6 of 10

Answer Stats

GoalsYearsPlayer% Correct
1292010-2017Alexandre Lacazette
88%
1002001-2009Juninho Pernambucano
86%
822009-2013Lisandro Lopez
76%
941999-2003Sonny Anderson
70%
952009-2014Bafetimbi Gomis
66%
1491969-1978Bernard Lacombe
57%
2221960-1974Fleury Di Nallo
47%
941959-1964Nestor Combin
31%
1331969-1983Serge Chiesa
29%
921952-1957Ernest Schultz
5%

Score Distribution

Percentile by Number Answered

Percent of People with Each Score

Your Score History

You have not taken this quiz